00648nam a2200205 a 4500008004100000020003100041040002500072041001300097044001100110080001000121100002500131245008400156250001300240260004900253300002800302490003400330500002200364700002800386700002800414951122s1986||||[C 0 slo c c28 Kčs. q(5600 výtl.) aSNKbslocSNKeAACR21 aslohrus axocSK a882-31 aDangulov, Savva4aut10aRanná omša v RapallecSavva Dangulov ; Zuzana Borovská, Zuzana Chmelová a1., vyd. aBratislavabPravdac1986eBratislavafPravda a245 s., 13,76 AHc20 cm0 aČlenská knižnica Pravda aIlustr. na front.1 aBorovská, Zuzana4trl1 aChmelová, Zuzana4bkd